000 00351cam a2200145ua 4500
041 _aeng
_h
082 _a821
_bCOW/PO
100 _aCowper, .
245 _aPoetry and prose /
_cCowper.
_hTextual Documents
260 _aLondon :
_bOxford at the Clarendon Press ,
_c1960.
300 _a196 ; .
504 _a
942 _cBK
999 _c6070
_d6070